000 00583nam a2200241 a 4500
001 nice12345678
003 IN_TiNIC
005 20260116011443.0
008 050524s1921 uppa grp 000 0 ger
020 _a
_c100
082 0 0 _a270
_bLIN
100 _aLinderholm, D Emanuel
245 _aKyrkohistorisk Arsskrift
260 _aUppsala
_bUppsala Och Stockholm
_c1921
300 _a212p
500 _aincludes index and biblioraphy
505 2 _aIndex
650 _aChurch-History
700 1 _aLinderholm, D Emanuel
902 _bSRS
942 _cBK
999 _c1673
_d1673